[Event "VIE-ch (Women)"]
[Site "Hanoi"]
[Date "2024.03.15"]
[Round "8"]
[White "Hoang, Thi Bao Tram"]
[Black "Bach, Ngoc Thuy Duong"]
[Result "0-1"]
[WhiteElo "2243"]
[BlackElo "2231"]
[PlyCount "52"]
[EventDate "2024.03.11"]
[EventType "swiss"]
[EventRounds "9"]
[EventCountry "VIE"]
[SourceTitle "CB13_2024"]
[SourceDate "2024.03.27"]
[SourceVersion "1"]
[SourceVersionDate "2024.03.27"]
[SourceQuality "1"]

1. d4 d5 2. c4 e6 3. Nc3 c6 4. Nf3 dxc4 5. e4 b5 6. a4 Bb4 7. Bd2 a5 8. axb5 Bxc3 9. Bxc3 cxb5 10. d5 Nf6 11. Bxf6 Qxf6 12. e5 Qg6 13. d6 Nd7 14. b3 Qe4+ 15. Qe2 Bb7 16. Qxe4 Bxe4 17. bxc4 b4 18. Nd2 Bc2 19. f4 a4 20. Be2 Nc5 21. Kf2 a3 22. Ke3 Kd7 23. Kd4 Rhc8 24. Bd1 Bxd1 25. Rhxd1 a2 26. g4 Ra3 0-1

[Event "Titled Tuesday intern op 12th Dec Early"]
[Site "Chess.com INT"]
[Date "2023.12.12"]
[Round "9"]
[White "Bach, Ngoc Thuy Duong"]
[Black "Fernandez Hernandez, Gerardo"]
[Result "1-0"]
[WhiteElo "2231"]
[BlackElo "2181"]
[PlyCount "77"]
[EventDate "2023.12.12"]
[EventType "swiss (blitz)"]
[EventRounds "11"]
[EventCountry "USA"]
[SourceTitle "CB51_2023"]
[SourceDate "2023.12.20"]
[SourceVersion "1"]
[SourceVersionDate "2023.12.20"]
[SourceQuality "1"]

1. d4 Nf6 2. c4 c5 3. d5 b5 4. cxb5 a6 5. bxa6 g6 6. Nc3 Bg7 7. e4 0-0 8. Nf3 Qa5 9. Bd2 Bxa6 10. Bxa6 Qxa6 11. Qe2 e6 12. Qxa6 Nxa6 13. 0-0 exd5 14. exd5 Nb4 15. Be3 d6 16. Bf4 Nfxd5 17. Bxd6 Rfc8 18. Nxd5 Nxd5 19. Be5 Nb4 20. Bxg7 Kxg7 21. a3 Nd3 22. b3 Rcb8 23. Nd2 Rb5 24. Rfb1 Rba5 25. Nc4 Rb5 26. Kf1 Rab8 27. Nd2 Nf4 28. g3 Nd5 29. Rc1 f6 30. Rc2 Ra8 31. a4 Rba5 32. Rac1 Rc8 33. Ne4 Rb8 34. Rxc5 Rxc5 35. Nxc5 Rc8 36. Nd3 Rb8 37. Nc5 Rb4 38. Ke2 g5 39. Rd1 1-0

[Event "Titled Tuesday intern op 12th Dec Early"]
[Site "Chess.com INT"]
[Date "2023.12.12"]
[Round "7"]
[White "Bach, Ngoc Thuy Duong"]
[Black "Srivatsan, Karthikeyan"]
[Result "1-0"]
[WhiteElo "2231"]
[BlackElo "1813"]
[PlyCount "99"]
[EventDate "2023.12.12"]
[EventType "swiss (blitz)"]
[EventRounds "11"]
[EventCountry "USA"]
[SourceTitle "CB51_2023"]
[SourceDate "2023.12.20"]
[SourceVersion "1"]
[SourceVersionDate "2023.12.20"]
[SourceQuality "1"]

1. d4 Nf6 2. c4 e6 3. Nc3 Bb4 4. Qc2 d5 5. cxd5 exd5 6. Bg5 0-0 7. e3 c6 8. Bd3 h6 9. Bh4 Nbd7 10. Nf3 Re8 11. 0-0 Qc7 12. Bg3 Bd6 13. Nb5 cxb5 14. Qxc7 Bxc7 15. Bxc7 a6 16. Rac1 Ne4 17. Bf4 Ndf6 18. Rc7 Bg4 19. Ne5 Be6 20. Rxb7 Rec8 21. Nf3 Rc6 22. Ne5 Rcc8 23. Rb6 Nd2 24. Rd1 Nc4 25. Bxc4 dxc4 26. Rc6 Nd5 27. Bg3 Rxc6 28. Nxc6 Rc8 29. Ne5 f6 30. Ng6 Nb4 31. Ne7+ Kf7 32. Nxc8 Bxc8 33. a3 Nd3 34. Rd2 Bf5 35. f3 a5 36. e4 Bd7 37. Bc7 a4 38. Ba5 Ke6 39. Bc3 f5 40. Re2 fxe4 41. Rxe4+ Kf7 42. d5 Bf5 43. Rd4 Nc1 44. Kf2 Ne2 45. Rd2 Nxc3 46. bxc3 Ke7 47. Ke3 Kd6 48. Kd4 Bd3 49. Rb2 Bf1 50. g3 1-0

[Event "Titled Tuesday intern op 12th Dec Early"]
[Site "Chess.com INT"]
[Date "2023.12.12"]
[Round "3"]
[White "Bach, Ngoc Thuy Duong"]
[Black "Yushko, Olga"]
[Result "1-0"]
[WhiteElo "2231"]
[BlackElo "2064"]
[PlyCount "95"]
[EventDate "2023.12.12"]
[EventType "swiss (blitz)"]
[EventRounds "11"]
[EventCountry "USA"]
[SourceTitle "CB51_2023"]
[SourceDate "2023.12.20"]
[SourceVersion "1"]
[SourceVersionDate "2023.12.20"]
[SourceQuality "1"]

1. d4 e6 2. c4 f5 3. Nc3 Nf6 4. Nf3 d6 5. Bf4 Be7 6. h3 0-0 7. e3 Qe8 8. Bd3 Nc6 9. a3 Bd8 10. Bh2 e5 11. Be2 e4 12. Nd2 Qg6 13. Nf1 Bd7 14. Bf4 Be7 15. Ng3 Nd8 16. Qb3 b6 17. h4 Ne6 18. h5 Qf7 19. Nxf5 Nxf4 20. Nxe7+ Qxe7 21. exf4 e3 22. f3 a5 23. 0-0-0 a4 24. Qc2 Qf7 25. g4 Rae8 26. f5 Re7 27. Rdg1 h6 28. Bd3 Rfe8 29. Ne2 d5 30. g5 hxg5 31. h6 gxh6 32. Rxh6 Nh7 33. f6 Nxf6 34. Rxg5+ Kf8 35. Rh8+ Ng8 36. Rhxg8+ Qxg8 37. Rxg8+ Kxg8 38. cxd5 Rg7 39. Be4 Rg2 40. Qd3 Bf5 41. Qxe3 Bxe4 42. fxe4 Rf8 43. Kd2 Rff2 44. e5 Kf8 45. e6 Ke7 46. Qe5 c5 47. d6+ Kd8 48. e7+ 1-0

[Event "Titled Tuesday intern op 12th Dec Early"]
[Site "Chess.com INT"]
[Date "2023.12.12"]
[Round "6"]
[White "Hirneise, Jens"]
[Black "Bach, Ngoc Thuy Duong"]
[Result "1-0"]
[WhiteElo "2270"]
[BlackElo "2231"]
[PlyCount "71"]
[EventDate "2023.12.12"]
[EventType "swiss (blitz)"]
[EventRounds "11"]
[EventCountry "USA"]
[SourceTitle "CB51_2023"]
[SourceDate "2023.12.20"]
[SourceVersion "1"]
[SourceVersionDate "2023.12.20"]
[SourceQuality "1"]

1. Nf3 d5 2. g3 c6 3. Bg2 Nf6 4. c4 Bg4 5. 0-0 e6 6. cxd5 exd5 7. h3 Bxf3 8. exf3 Nbd7 9. d4 Be7 10. Nc3 0-0 11. f4 Nb6 12. b3 Re8 13. g4 Bb4 14. Ne2 Ne4 15. Qd3 Qe7 16. a3 Bd6 17. Ra2 c5 18. dxc5 Bxc5 19. Nd4 Qf6 20. Be3 Rac8 21. g5 Qd6 22. b4 Bxd4 23. Qxd4 Nc4 24. Bxe4 Rxe4 25. Qxa7 Qe6 26. Qxb7 Nxe3 27. fxe3 Qxh3 28. Qxd5 Qxe3+ 29. Kg2 Rce8 30. Rf3 Qe1 31. Rff2 Qe3 32. Rf3 Qe1 33. Raf2 h6 34. g6 Rf8 35. gxf7+ Rxf7 36. b5 1-0

[Event "Titled Tuesday intern op 12th Dec Early"]
[Site "Chess.com INT"]
[Date "2023.12.12"]
[Round "8"]
[White "Krzywda, Andrzej"]
[Black "Bach, Ngoc Thuy Duong"]
[Result "1-0"]
[WhiteElo "2234"]
[BlackElo "2231"]
[PlyCount "71"]
[EventDate "2023.12.12"]
[EventType "swiss (blitz)"]
[EventRounds "11"]
[EventCountry "USA"]
[SourceTitle "CB51_2023"]
[SourceDate "2023.12.20"]
[SourceVersion "1"]
[SourceVersionDate "2023.12.20"]
[SourceQuality "1"]

1. e4 c5 2. Nf3 d6 3. d4 cxd4 4. Nxd4 Nf6 5. Nc3 a6 6. Be3 e5 7. Nb3 Be6 8. h3 Nbd7 9. Qf3 b5 10. g4 Nb6 11. 0-0-0 Qc7 12. g5 Nfd7 13. Kb1 Be7 14. h4 Rc8 15. Bd3 Bc4 16. h5 b4 17. Ne2 d5 18. g6 Nf6 19. gxf7+ Kxf7 20. Ng3 Na4 21. Rc1 Qb7 22. Nf5 dxe4 23. Qg2 Rhg8 24. Bxc4+ Rxc4 25. Rhd1 Qb5 26. Rd6 Qb8 27. Rxa6 Qc8 28. Nxe7 Qxa6 29. Nxg8 Kxg8 30. Rg1 Ne8 31. h6 g6 32. Qf1 Qc6 33. Qd1 Kf7 34. Re1 Nf6 35. Bg5 Nd5 36. Bd2 1-0

[Event "Titled Tuesday intern op 05th Sep Early"]
[Site "Chess.com INT"]
[Date "2023.09.05"]
[Round "8"]
[White "Bach, Ngoc Thuy Duong"]
[Black "Ovetchkin, Roman"]
[Result "0-1"]
[WhiteElo "2228"]
[BlackElo "2518"]
[PlyCount "82"]
[EventDate "2023.09.05"]
[EventType "swiss (blitz)"]
[EventRounds "11"]
[EventCountry "USA"]
[SourceTitle "EXT 2024"]
[Source "ChessBase"]
[SourceDate "2023.10.10"]
[SourceVersion "1"]
[SourceVersionDate "2023.10.10"]
[SourceQuality "1"]

1. d4 Nf6 2. c4 c5 3. d5 b5 4. cxb5 a6 5. bxa6 g6 6. Nc3 Bg7 7. e4 0-0 8. Nf3 Qa5 9. Bd2 Bxa6 10. Bxa6 Qxa6 11. Qe2 d6 12. Qxa6 Nxa6 13. 0-0 Rfb8 14. Rfb1 Nb4 15. Ne1 Ng4 16. a3 Na6 17. Nf3 c4 18. h3 Ne5 19. Nxe5 Bxe5 20. Be3 Rb3 21. Na4 Rab8 22. Rc1 Rxb2 23. f4 Re2 24. fxe5 Rxe3 25. exd6 exd6 26. Rxc4 Rb5 27. Kf2 Reb3 28. Rc6 Ra5 29. Nb6 Nc5 30. Nc4 Nxe4+ 31. Kg1 Rxd5 32. Re1 Rd4 33. Rc8+ Kg7 34. a4 Rc3 35. Nb6 Rxc8 36. Nxc8 Rxa4 37. Rd1 Ra6 38. Kh2 Kf6 39. Rf1+ Ke6 40. Re1 f5 41. Rc1 Kd7 0-1

[Event "Titled Tuesday intern op 05th Sep Early"]
[Site "Chess.com INT"]
[Date "2023.09.05"]
[Round "5"]
[White "Bach, Ngoc Thuy Duong"]
[Black "Pham, Le Thao Nguyen"]
[Result "1-0"]
[WhiteElo "2228"]
[BlackElo "2380"]
[PlyCount "105"]
[EventDate "2023.09.05"]
[EventType "swiss (blitz)"]
[EventRounds "11"]
[EventCountry "USA"]
[SourceTitle "EXT 2024"]
[Source "ChessBase"]
[SourceDate "2023.10.10"]
[SourceVersion "1"]
[SourceVersionDate "2023.10.10"]
[SourceQuality "1"]

1. d4 Nf6 2. c4 e6 3. Nc3 Bb4 4. Qc2 0-0 5. a3 Bxc3+ 6. Qxc3 d5 7. cxd5 exd5 8. Bf4 c6 9. e3 Bf5 10. Bd3 Bxd3 11. Qxd3 Nbd7 12. Nf3 Ne4 13. 0-0 Qe7 14. h3 Rfe8 15. Ne5 Nb6 16. b3 a6 17. Qc2 Nc8 18. Nd3 Ncd6 19. a4 Rad8 20. f3 Nf6 21. Nc5 Nh5 22. Be5 f6 23. Bxd6 Rxd6 24. Rfe1 g6 25. e4 dxe4 26. Rxe4 Qf7 27. Rxe8+ Qxe8 28. Qc4+ Kg7 29. Kf2 Qc8 30. Re1 Nf4 31. Re7+ Kh6 32. Ne4 Rd5 33. Nxf6 Qf8 34. Rxh7+ Kg5 35. Ne4+ Kf5 36. g4+ Ke6 37. Ng5+ Kf6 38. Rf7+ Qxf7 39. Nxf7 Kxf7 40. Kg3 g5 41. h4 Ne6 42. hxg5 Nxg5 43. f4 Ne4+ 44. Kh4 Nd6 45. Qd3 Kg7 46. Qe3 Nf7 47. Qe4 b5 48. g5 bxa4 49. bxa4 Rd6 50. f5 Rd5 51. f6+ Kf8 52. Qe7+ Kg8 53. Qe8+ 1-0

[Event "Titled Tuesday intern op 05th Sep Early"]
[Site "Chess.com INT"]
[Date "2023.09.05"]
[Round "1"]
[White "Bach, Ngoc Thuy Duong"]
[Black "Vakhlamov, Igor L"]
[Result "0-1"]
[WhiteElo "2228"]
[BlackElo "2413"]
[PlyCount "130"]
[EventDate "2023.09.05"]
[EventType "swiss (blitz)"]
[EventRounds "11"]
[EventCountry "USA"]
[SourceTitle "EXT 2024"]
[Source "ChessBase"]
[SourceDate "2023.10.10"]
[SourceVersion "1"]
[SourceVersionDate "2023.10.10"]
[SourceQuality "1"]

1. d4 d5 2. c4 e6 3. Nc3 c5 4. cxd5 cxd4 5. Qxd4 Nc6 6. Qd1 exd5 7. e3 Nf6 8. Nf3 Bb4 9. Bd2 0-0 10. Bd3 d4 11. exd4 Nxd4 12. 0-0 Bg4 13. Be3 Bxc3 14. bxc3 Bxf3 15. gxf3 Nxf3+ 16. Qxf3 Qxd3 17. Rfd1 Qxc3 18. Qxb7 Ng4 19. Bd4 Qc2 20. Qg2 Qf5 21. Rac1 Rad8 22. h3 Nf6 23. Bxa7 h6 24. Bb6 Rxd1+ 25. Rxd1 Qc2 26. Rd6 Qxa2 27. Bd4 Ne8 28. Rd8 Qa4 29. Rxe8 Qxd4 30. Rxf8+ Kxf8 31. Qa8+ Ke7 32. Qb7+ Kf6 33. Qc6+ Kf5 34. Qc2+ Qe4 35. Qc8+ Qe6 36. Qc2+ Kf6 37. Qc3+ Kg6 38. Qg3+ Kh7 39. Kh2 Qg6 40. Qe3 Qf5 41. Qg3 g6 42. Qe3 h5 43. Qd4 Qe6 44. Kg2 Qe7 45. Qf4 Kg7 46. Kh2 Qf6 47. Qe3 Qb2 48. Kg2 Qb7+ 49. Kh2 Qd5 50. Kg1 g5 51. Kh2 Kf6 52. Qc3+ Qe5+ 53. Qxe5+ Kxe5 54. Kg3 f5 55. Kf3 h4 56. Kg2 Kf4 57. Kg1 Kf3 58. Kf1 g4 59. hxg4 fxg4 60. Kg1 h3 61. Kh1 Kxf2 62. Kh2 g3+ 63. Kxh3 g2 64. Kh2 g1Q+ 65. Kh3 Qg3# 0-1

[Event "Titled Tuesday intern op 05th Sep Early"]
[Site "Chess.com INT"]
[Date "2023.09.05"]
[Round "2"]
[White "Dahlgren, James Allen"]
[Black "Bach, Ngoc Thuy Duong"]
[Result "0-1"]
[WhiteElo "1770"]
[BlackElo "2228"]
[PlyCount "70"]
[EventDate "2023.09.05"]
[EventType "swiss (blitz)"]
[EventRounds "11"]
[EventCountry "USA"]
[SourceTitle "EXT 2024"]
[Source "ChessBase"]
[SourceDate "2023.10.10"]
[SourceVersion "1"]
[SourceVersionDate "2023.10.10"]
[SourceQuality "1"]

1. Nf3 d5 2. g3 Bg4 3. Bg2 Nd7 4. 0-0 c6 5. c4 e6 6. d4 Ngf6 7. cxd5 exd5 8. Nc3 Bd6 9. h3 Bh5 10. a3 0-0 11. b4 a6 12. Bf4 Bxf4 13. gxf4 Re8 14. e3 Ne4 15. Qb3 Bxf3 16. Bxf3 Nd2 17. Qd1 Nxf1 18. Qxf1 f5 19. Kh2 Qh4 20. Qg2 Re6 21. Ne2 Nf6 22. Ng3 Ne4 23. Nxf5 Qf6 24. Ng3 Nxg3 25. Qxg3 Rf8 26. Rg1 Qf7 27. Bh5 Qe7 28. f5 Ref6 29. Bg4 Kh8 30. Qe5 Qf7 31. Rg2 h5 32. Be2 Rxf5 33. Qg3 Rxf2 34. Bd3 Rxg2+ 35. Kxg2 Qf6 0-1

[Event "Titled Tuesday intern op 15th Aug Early"]
[Site "Chess.com INT"]
[Date "2023.08.15"]
[Round "10"]
[White "Gatterer, Florian"]
[Black "Bach, Ngoc Thuy Duong"]
[Result "1-0"]
[WhiteElo "2170"]
[BlackElo "2228"]
[PlyCount "93"]
[EventDate "2023.08.15"]
[EventType "swiss (blitz)"]
[EventRounds "11"]
[EventCountry "USA"]
[SourceTitle "EXT 2024"]
[Source "ChessBase"]
[SourceDate "2023.10.10"]
[SourceVersion "1"]
[SourceVersionDate "2023.10.10"]
[SourceQuality "1"]

1. f4 d5 2. Nf3 c5 3. g3 Nc6 4. Bg2 e6 5. 0-0 Bd6 6. d3 Nf6 7. Qe1 d4 8. Na3 0-0 9. Nc4 Bc7 10. h3 Nb4 11. Qd1 Nbd5 12. e4 dxe3 13. Nxe3 Rb8 14. Qe2 b6 15. Nxd5 Nxd5 16. Ne5 Bb7 17. a3 Re8 18. Kh2 f6 19. Nc4 e5 20. fxe5 b5 21. Ne3 Bxe5 22. Qg4 Nxe3 23. Bxe3 Bxg2 24. Kxg2 Bxb2 25. Bh6 Qd5+ 26. Kh2 Qf7 27. Rae1 Bc3 28. Rxe8+ Rxe8 29. h4 Kh8 30. Bf4 Bd4 31. Rb1 Qa2 32. Rxb5 Qxc2+ 33. Kh3 Qxd3 34. Qd7 Qf1+ 35. Kg4 Qe2+ 36. Kh3 Qf1+ 37. Kg4 Rf8 38. Rb8 Rxb8 39. Bxb8 Qe2+ 40. Kh3 Qf1+ 41. Kg4 h5+ 42. Kxh5 Qf3+ 43. Kg6 Qe4+ 44. Kf7 Kh7 45. Qd8 Qg6+ 46. Ke7 f5 47. Kd7 1-0

[Event "Titled Tuesday intern op 15th Aug Early"]
[Site "Chess.com INT"]
[Date "2023.08.15"]
[Round "5"]
[White "Ugarte Soto, Cesar"]
[Black "Bach, Ngoc Thuy Duong"]
[Result "0-1"]
[WhiteElo "2088"]
[BlackElo "2228"]
[PlyCount "98"]
[EventDate "2023.08.15"]
[EventType "swiss (blitz)"]
[EventRounds "11"]
[EventCountry "USA"]
[SourceTitle "EXT 2024"]
[Source "ChessBase"]
[SourceDate "2023.10.10"]
[SourceVersion "1"]
[SourceVersionDate "2023.10.10"]
[SourceQuality "1"]

1. d4 d5 2. Nf3 Nf6 3. e3 c5 4. Bd3 Nc6 5. a3 Bg4 6. 0-0 cxd4 7. exd4 Nxd4 8. Nbd2 e6 9. Re1 Be7 10. h3 Nxf3+ 11. Nxf3 Bxf3 12. Qxf3 0-0 13. b4 Rc8 14. Bb2 h6 15. Rad1 a5 16. c4 axb4 17. axb4 Bxb4 18. Re2 Be7 19. cxd5 Nxd5 20. Be4 Qb6 21. Bxd5 exd5 22. Bxg7 Kxg7 23. Rxe7 Qf6 24. Qxf6+ Kxf6 25. Rxb7 Rfd8 26. Rd3 Rc1+ 27. Kh2 Ke6 28. Re3+ Kd6 29. Rxf7 d4 30. Rd3 Kd5 31. Rff3 Kc4 32. g4 Rc3 33. Rxc3+ dxc3 34. Rf4+ Kb3 35. Rf3 Kb2 36. Rf6 c2 37. Rb6+ Kc3 38. Rc6+ Kd2 39. f4 c1Q 40. Rxc1 Kxc1 41. g5 hxg5 42. fxg5 Kd2 43. Kg3 Ke3 44. Kg4 Ke4 45. h4 Ke5 46. h5 Ke6 47. h6 Kf7 48. Kh5 Rd5 49. h7 Kg7 0-1

[Event "VIE-chT (Women)"]
[Site "Hanoi"]
[Date "2023.04.20"]
[Round "5"]
[White "Bach, Ngoc Thuy Duong"]
[Black "Nguyen, Hong Ngoc"]
[Result "1-0"]
[WhiteElo "2209"]
[BlackElo "1891"]
[PlyCount "65"]
[EventDate "2023.04.18"]
[EventType "swiss"]
[EventRounds "9"]
[EventCountry "VIE"]
[SourceTitle "EXT 2024"]
[Source "ChessBase"]
[SourceDate "2023.10.10"]
[SourceVersion "1"]
[SourceVersionDate "2023.10.10"]
[SourceQuality "1"]

1. d4 d6 2. c4 Nf6 3. Nc3 g6 4. e4 Bg7 5. Nf3 0-0 6. h3 c5 7. d5 e6 8. Bd3 exd5 9. exd5 Re8+ 10. Be3 Nfd7 11. 0-0 Ne5 12. Nxe5 Bxe5 13. Qd2 f5 14. Bg5 Bf6 15. Bxf6 Qxf6 16. Rfe1 Bd7 17. Rxe8+ Bxe8 18. Re1 Bf7 19. Nb5 Nd7 20. Qc3 Qxc3 21. bxc3 Ne5 22. Bf1 Re8 23. Kh1 f4 24. Nxd6 Re7 25. Nc8 Re8 26. Nxa7 Nd7 27. Rxe8+ Bxe8 28. Nc8 Kf8 29. Nd6 b6 30. Nc8 Bf7 31. Be2 h5 32. Bd1 b5 33. cxb5 1-0

[Event "Asia-ch U20 Girls"]
[Site "Tagaytay City"]
[Date "2022.11.23"]
[Round "7"]
[White "Bach, Ngoc Thuy Duong"]
[Black "Serikbay, Assel"]
[Result "1-0"]
[WhiteElo "2164"]
[BlackElo "2250"]
[PlyCount "129"]
[EventDate "2022.11.19"]
[EventType "swiss"]
[EventRounds "9"]
[EventCountry "PHI"]
[SourceTitle "CBM 211 Extra"]
[Source "ChessBase"]
[SourceDate "2023.01.31"]
[SourceVersion "1"]
[SourceVersionDate "2023.01.31"]
[SourceQuality "1"]

1. d4 Nf6 2. c4 e6 3. Nc3 Bb4 4. Qc2 0-0 5. a3 Bxc3+ 6. Qxc3 b6 7. Bg5 Bb7 8. f3 d5 9. e3 Nbd7 10. cxd5 exd5 11. Bd3 h6 12. Bh4 Qe8 13. Ne2 Qe6 14. Bf2 c5 15. 0-0 c4 16. Bc2 a5 17. a4 Nb8 18. Ng3 Na6 19. Bf5 Qc6 20. e4 g6 21. Bh3 dxe4 22. fxe4 Nxe4 23. d5 Qxd5 24. Nxe4 Qxe4 25. Bxb6 Nb4 26. Rae1 Qd3 27. Re7 Bd5 28. Rd7 Qe2 29. Re1 Qh5 30. Qf6 Rae8 31. Rf1 Qe5 32. Bc5 Qxf6 33. Rxf6 Re1+ 34. Rf1 Rxf1+ 35. Kxf1 c3 36. bxc3 Bc4+ 37. Kg1 Rb8 38. cxb4 axb4 39. Rd2 b3 40. Ba3 Ra8 41. Bb2 f5 42. g4 fxg4 43. Bxg4 Rxa4 44. Bd7 Ra2 45. Be8 Bd3 46. Bc6 Bc4 47. Kf2 Kf7 48. Ke3 Be6 49. Rf2+ Ke7 50. Be4 g5 51. Bb1 Ra4 52. Bg7 Rh4 53. Kd3 Rh3+ 54. Kd4 Kd6 55. Be5+ Kd7 56. Bg3 h5 57. Ke5 h4 58. Rd2+ Ke7 59. Bf2 Rc3 60. Be4 h3 61. Bd4 Rc1 62. Be3 Re1 63. Bxg5+ Kf7 64. Rf2+ Kg7 65. Bd2 1-0

[Event "Asia-ch U20 Girls"]
[Site "Tagaytay City"]
[Date "2022.11.21"]
[Round "4"]
[White "Kairbekova, Amina"]
[Black "Bach, Ngoc Thuy Duong"]
[Result "0-1"]
[WhiteElo "2212"]
[BlackElo "2164"]
[PlyCount "118"]
[EventDate "2022.11.19"]
[EventType "swiss"]
[EventRounds "9"]
[EventCountry "PHI"]
[SourceTitle "CBM 211 Extra"]
[Source "ChessBase"]
[SourceDate "2023.01.31"]
[SourceVersion "1"]
[SourceVersionDate "2023.01.31"]
[SourceQuality "1"]

1. e4 c5 2. Nf3 d6 3. d4 cxd4 4. Nxd4 Nf6 5. Nc3 a6 6. f3 e5 7. Nb3 Be6 8. Be3 Be7 9. Qd2 Nbd7 10. g4 b5 11. g5 Nh5 12. 0-0-0 0-0 13. Kb1 Nb6 14. Nd5 Bxd5 15. exd5 Rc8 16. Na5 Qc7 17. Bh3 Rce8 18. Bg4 Nf4 19. Bxf4 exf4 20. h4 Nxd5 21. Qxd5 Qxa5 22. h5 Qb4 23. g6 Bf6 24. gxf7+ Rxf7 25. c3 Bxc3 26. Rh2 Be5 27. Be6 Rxe6 28. Qxe6 Qc4 29. Qe8+ Rf8 30. Qd7 Rc8 31. h6 g6 32. Qb7 Rc6 33. Qa8+ Kf7 34. Qa7+ Kg8 35. Qe7 Rc8 36. a3 Qc6 37. Qe6+ Kf8 38. Re2 Re8 39. Qg4 Rc8 40. Qe6 Re8 41. Qg4 Rc8 42. Qg2 Kf7 43. Rc2 Qxc2+ 44. Qxc2 Rxc2 45. Kxc2 g5 46. b4 Kg6 47. Kd3 Kxh6 48. Rc1 Kg6 49. Ke4 h5 50. Rc6 g4 51. fxg4 hxg4 52. Rxa6 f3 53. Ke3 Kf5 54. Ra8 Bf4+ 55. Kf2 Ke4 56. Re8+ Be5 57. a4 g3+ 58. Kf1 bxa4 59. b5 a3 0-1

[Event "Olympiad Women-44"]
[Site "Chennai"]
[Date "2022.08.06"]
[Round "8.3"]
[White "Bach, Ngoc Thuy Duong"]
[Black "Wagner, Dinara"]
[Result "1/2-1/2"]
[WhiteElo "2192"]
[BlackElo "2341"]
[PlyCount "126"]
[EventDate "2022.07.29"]
[EventType "team-swiss"]
[EventRounds "11"]
[EventCountry "IND"]
[SourceTitle "CBM 210"]
[Source "ChessBase"]
[SourceDate "2022.10.31"]
[SourceVersion "1"]
[SourceVersionDate "2022.10.31"]
[SourceQuality "1"]
[WhiteTeam "Vietnam (W)"]
[BlackTeam "Germany (W)"]
[WhiteTeamCountry "VIE"]
[BlackTeamCountry "GER"]

1. d4 Nf6 2. c4 e6 3. Nf3 d5 4. Nc3 Bb4 5. Bg5 h6 6. Bxf6 Qxf6 7. Qb3 Bxc3+ 8. Qxc3 Nc6 9. e3 0-0 10. Be2 Re8 11. 0-0 Bd7 12. b4 dxc4 13. Qxc4 a6 14. a4 Rec8 15. b5 axb5 16. axb5 Na5 17. Qb4 b6 18. Ne5 Be8 19. Bf3 Rab8 20. Rfc1 Qd8 21. h3 Qd6 22. Rab1 f6 23. Nc4 Qxb4 24. Rxb4 Nxc4 25. Rcxc4 Kf8 26. Rc1 Ke7 27. d5 e5 28. Bg4 Bd7 29. Bxd7 Kxd7 30. Rg4 Rg8 31. Rc6 Ra8 32. e4 Ra4 33. f3 Raa8 34. Kh2 Raf8 35. f4 exf4 36. Rxf4 Re8 37. Rc4 Re7 38. Rf3 Ra8 39. Rfc3 Kd8 40. Rc6 Ra4 41. d6 cxd6 42. Rxd6+ Rd7 43. Rxb6 Rxe4 44. Rb8+ Ke7 45. b6 Rb4 46. Rc6 h5 47. Rg8 Kf7 48. Ra8 Rd5 49. Rc7+ Ke6 50. Re8+ Kf5 51. Rxg7 Rxb6 52. Rh7 Kf4 53. Re2 Kg5 54. h4+ Kf4 55. Rf2+ Ke4 56. Rh6 Rf5 57. Rxf5 Kxf5 58. Kh3 Rb3+ 59. g3 Ke4 60. Rxf6 Rb2 61. Rg6 Rb5 62. Rg5 Rxg5 63. hxg5 Kf5 1/2-1/2

[Event "Olympiad Women-44"]
[Site "Chennai"]
[Date "2022.08.05"]
[Round "7.4"]
[White "Bach, Ngoc Thuy Duong"]
[Black "Nurgali, Nazerke"]
[Result "1/2-1/2"]
[WhiteElo "2192"]
[BlackElo "2181"]
[PlyCount "66"]
[EventDate "2022.07.29"]
[EventType "team-swiss"]
[EventRounds "11"]
[EventCountry "IND"]
[SourceTitle "CBM 210"]
[Source "ChessBase"]
[SourceDate "2022.10.31"]
[SourceVersion "1"]
[SourceVersionDate "2022.10.31"]
[SourceQuality "1"]
[WhiteTeam "Vietnam (W)"]
[BlackTeam "Kazakhstan (W)"]
[WhiteTeamCountry "VIE"]
[BlackTeamCountry "KAZ"]

1. d4 d5 2. c4 e6 3. Nc3 Be7 4. cxd5 exd5 5. Bf4 Nf6 6. e3 Bf5 7. Nf3 0-0 8. Bd3 Bxd3 9. Qxd3 c6 10. 0-0 Nbd7 11. h3 Re8 12. Rab1 a5 13. Qc2 Nf8 14. Rfd1 Ng6 15. Ne5 Bd6 16. Nxg6 hxg6 17. Bxd6 Qxd6 18. a3 Ne4 19. Nxe4 Rxe4 20. b4 axb4 21. axb4 b5 22. Ra1 Ree8 23. Rdc1 Rxa1 24. Rxa1 Re6 25. Ra8+ Kh7 26. Qc3 Rf6 27. Ra7 Qe6 28. Qc5 Qf5 29. f3 Qb1+ 30. Kh2 Qe1 31. Qe7 Rxf3 32. gxf3 Qf2+ 33. Kh1 Qf1+ 1/2-1/2